000 01030nam a2200229Ia 4500
003 GCL
008 140319s9999 xx 000 0 ara d
040 _aGCL /
_cGCL
082 0 4 _a953.07393
_bم ف
100 1 _aمحمد مؤنس احمد عوض
245 1 0 _aفى الصراع الاسلامي - الصليبى :
_bالسياسة الخارجية للدولة النورية 541 - 569 هـ \ 1146 - 1174 م /
_cمحمد مؤنس احمد عوض
250 _aالاولى
260 _aالقاهرة :
_bعين للدراسات والبحوث الانسانية والاجتماعية ،
_c1998
300 _a347 ص ؛
_c28 سم
650 0 4 _aالحروب الصليبية
650 0 4 _aالدولة الايوبية
650 0 4 _aمصر - تاريخ - العصر الاسلامى
650 0 4 _aمصر - تاريخ - العصر الايوبى ( 1171-1250 م )
650 0 4 _aالدولة النورية - تاريخ
650 0 4 _aالدولة الايوبية - العلاقات الخارجية
942 _2ddc
_cBK
999 _c33441
_d33441